| 000 | 00639nam a2200121Ia 4500 | ||
|---|---|---|---|
| 008 | 220620s9999||||xx |||||||||||||| ||und|| | ||
| 245 | 0 |
_aExploring New Horizons and Challenges for Social Studies in a New Normal _bProceedings of the International Conference on Social Studies and Educational Issues, (ICOSSEI 2021), Malang City, Indonesia, 7 July 2021 |
|
| 546 | _aEnglish[eng] | ||
| 650 | _aCovid 19||child education||online learning | ||
| 700 | _aPurnomo, Agus||Sismat, Muhamad Alif Haji||Isma’il, Zawawi||Sringernyuang, Luechai | ||
| 856 | _uhttps://library.oapen.org/bitstream/20.500.12657/54270/1/9781000628852.pdf | ||
| 942 | _cEB | ||
| 999 |
_c28120 _d28120 |
||